عرض عادي
عرض مارك
- Paesani, Daniel A.
مدخل إسم شخص
001 - رقم الضبط
- حقل الضبط: 89501
003 - معرف رقم الضبط
- حقل الضبط: OSt
005 - تاريخ ووقت أخر عملية
- حقل الضبط: 20220314154639.0
008 - عناصر بيانات ثابتة الطول
- حقل تحكم ثابت الطول: 220314|| aca||aabn | a|a d
040 ## - مصدر الفهرسة
- هيئة الفهرسة الأصلية: OSt
- وكالة الكتابة: OSt
100 ## - مدخل -- أسم شخص
- إسم شخص: Paesani, Daniel A.
- الشكل الكامل للاسم: (Daniel Angel)
670 ## - بيانات المصدر موجوده
- الاستشهاد بالمصدر: Work cat.: (OSt)0: Bruxism :, c2010.
